Serbian 2010s Music Quiz: Name the Artist - Statistics

General Stats
  • This quiz has been taken 65 times
  • The average score is 13 of 30
Answer Stats
Song Release Date Artist % Correct
Biseri iz blata 2018 Coby
76%
Ne koči 2012 Elitni Odredi
76%
Favorito 2019 Hurricane
73%
Žal 2016 Šaban Šaulić
67%
Kristijan Grej 2017 Teodora
65%
Tu tu tu 2011 In Vivo
63%
Moje zlato 2014 MC Yankoo & Milica Todorović
63%
Vrati mi se nesrećo 2013 Miligram
59%
Dođi gore... 2012 Aca Lukas
53%
Snovi od stakla 2014 Nedeljko Bajić Baja
53%
Nisi ti za male stvari 2016 Željko Samardžić
49%
Sve ti dugujem 2013 Aco Pejović
43%
Dobro da nije veće zlo 2012 Lexington Band
41%
Nisam te zbog lepote voleo 2015 Željko Joksimović
41%
Dođeš mi u san 2013 Peđa Medenica
39%
A nekad je dolazila stalno 2019 Darko Lazić
37%
Trans 2018 Milan Stanković
37%
Piši propalo 2013 Saša Kovačević
37%
Senke 2016 Aleksandra Prijović
33%
U srce pucaj mi 2012 MC Stojan
31%
Laku noć 2017 Dženan Lončarević
29%
Paranoja 2014 Tropico Band
29%
Moje si nebo 2015 Adil Maksutović
27%
Perspektiva 2011 S.A.R.S.
27%
Zanjiši kukovima 2012 Željko Vasić, Cvija & T Blazer
27%
Nije ljubav to 2018 Marija Šerifović
24%
Da mogu 2012 Emina Jahović
22%
Hitna pomoć 2019 Tanja Savić
22%
Crne kiše 2018 Rimski X Corona
20%
Iskreno 2013 Vlado Georgiev
16%
No matching quizzes found
Score Distribution
Percent of People with Each Score
Percentile by Number Answered
Your Score History
You have not taken this quiz